Memorias contemporáneas o sea colección histórica de sucesos de nuestros días, principalmente los relativos á las grandes escenas politicas de que España es teatro de 30 años á esta parte... (Record no. 159367)

MARC details
000 -LEADER
campo de control de longitud fija 00901nam a22001815i 4500
001 - NÚMERO DE CONTROL
campo de control 159367
003 - IDENTIFICADOR DE NÚMERO DE CONTROL
campo de control ES-MaACL
005 - FECHA Y HORA DE LA ÚLTIMA TRANSACCIÓN
campo de control 20250604062547.0
008 - DATOS DE LONGITUD FIJA--INFORMACIÓN GENERAL
campo de control de longitud fija 990913s1838 sp |||| | spa d
040 ## - FUENTE DE CATALOGACIÓN
Centro catalogador/agencia de origen CCPB | B
Lengua de catalogación spa
Centro/agencia transcriptor CCPB | B
245 00 - MENCIÓN DEL TÍTULO
Título Memorias contemporáneas o sea colección histórica de sucesos de nuestros días, principalmente los relativos á las grandes escenas politicas de que España es teatro de 30 años á esta parte...
Resto del título : obra periódica (sin ser periódico) /
Mención de responsabilidad, etc. publicada por un Retirado.
260 ## - PUBLICACIÓN, DISTRIBUCIÓN, ETC.
Lugar de publicación, distribución, etc. Madrid :
Nombre del editor, distribuidor, etc. [s.n.],
Fecha de publicación, distribución, etc. 1838 (
Fabricante Imprenta de L. Boix)
300 ## - DESCRIPCIÓN FÍSICA
Extensión 1 v. ;
Dimensiones 17 cm.
597 ## - NOTA DE DESCRIPCIÓN FÍSICA
NOTA DE DESCRIPCIÓN FÍSICA V. I. (70 p.)
651 #7 - PUNTO DE ACCESO ADICIONAL DE MATERIA--NOMBRE GEOGRÁFICO
Nombre geográfico España-
Subdivisión general Historia-
Subdivisión cronológica S.XIX
Fuente del encabezamiento o término
9 (RLIN) 142005
852 ## - LOCALIZACIÓN
Ubicación ES-MaACL
Número de control de estantería D-3816
Nota libre -- Enc. hol.
-- -- Legado M. de la Fuente
-- -- Sello de la Sociedad de Escritores Protectora de las Letras
Encuadernación -- Edic.: 70, [2] en bl., [71]-539 p.
Holdings
Estatus retirado Estado de pérdida Estado de daño No para préstamo Colección Biblioteca de origen Biblioteca actual Ubicación en estantería Fecha de adquisición Fuente de adquisición Total de préstamos Signatura topográfica completa Código de barras Visto por última vez Precio de reemplazo Tipo de ítem Koha
        Libros del s. XIX Biblioteca del Ateneo de Madrid Biblioteca del Ateneo de Madrid Sala Valle Inclán 17/01/2008     D-3816 901166835 23/02/2023 23/02/2023 Libro impreso antiguo